[Event "Paul Keres Memorial Festival 2014"]
[Site "?"]
[Date "2014.01.11"]
[Round "2.12"]
[White "Haavamae, Henrik"]
[Black "Shalamberidze, Akaki"]
[Result "0-1"]
[WhiteElo "2017"]
[BlackElo "2372"]
[Annotator ",Maleliit"]
[PlyCount "38"]
[EventDate "2014.01.13"]
[SourceDate "2014.01.13"]

1. e4 e5 2. Nf3 Nc6 3. Bb5 a6 4. Ba4 Nf6 5. O-O b5 6. Bb3 Bc5 7. Nxe5 Nxe5 8.
d4 Bxd4 9. Qxd4 d6 10. f4 Nc6 11. Qc3 Bb7 12. e5 Ne4 13. Qe3 Na5 14. e6 f5 15.
Nd2 Qe7 16. Nxe4 Bxe4 17. a4 O-O 18. Ba2 b4 19. Bd2 c5 {time} 0-1

[Event "Paul Keres Memorial Festival 2014"]
[Site "?"]
[Date "2014.01.11"]
[Round "2.13"]
[White "Gorbatov, Alexej"]
[Black "Vepkhishvili, Varlam"]
[Result "*"]
[WhiteElo "2359"]
[BlackElo "2185"]
[PlyCount "147"]
[EventDate "2014.01.13"]
[SourceDate "2014.01.13"]

1. e4 e5 2. Nf3 Nc6 3. Bc4 Be7 4. d4 d6 5. dxe5 dxe5 6. Qxd8+ Bxd8 7. Nc3 Nf6
8. Be3 h6 9. h3 O-O 10. O-O-O Nd7 11. Rd2 Na5 12. Bb5 c6 13. Be2 Be7 14. Rhd1
Nb6 15. Nxe5 Bf6 16. Bxb6 axb6 17. Nd7 Bxd7 18. Rxd7 Rfe8 19. Bd3 Bxc3 20. bxc3
Kf8 21. f4 Re7 22. Rxe7 Kxe7 23. Be2 f6 24. Rd4 b5 25. Kd2 b6 26. e5 fxe5 27.
fxe5 Ke6 28. Re4 Rd8+ 29. Ke3 g5 30. Rd4 Rf8 31. Rd6+ Ke7 32. Bd3 Rf4 33. Rxh6
Nc4+ 34. Bxc4 Rxc4 35. Kd3 Rc5 36. Rg6 Rd5+ 37. Ke4 Rc5 38. Rxg5 Rxc3 39. Rg7+
Kd8 40. e6 Rxc2 41. Ke5 Rxa2 42. Rg8+ Ke7 43. Rg7+ Kd8 44. Kd6 Rd2+ 45. Kxc6 b4
46. Rg3 Ke7 47. Kxb6 Kxe6 48. Re3+ Kf5 49. g4+ Kg5 50. Rb3 Rd4 51. Kc5 Rf4 52.
Kb5 Kh4 53. Ka4 Rf8 54. Kxb4 Rb8+ 55. Kc4 Rc8+ 56. Kd5 Ra8 57. Re3 Rd8+ 58. Ke4
Re8+ 59. Kf3 Ra8 60. Re5 Ra3+ 61. Kf4 Ra4+ 62. Kf5 Ra6 63. g5 Kh5 64. h4 Ra1
65. Kf6 Ra6+ 66. Re6 Ra7 67. Re7 Ra6+ 68. Kf7 Rb6 69. Kg7 Kxh4 70. g6 Kg5 71.
Re5+ Kf4 72. Rc5 Rb1 73. Kh7 Ke4 74. g7 *

[Event "Paul Keres Memorial Festival 2014"]
[Site "?"]
[Date "2014.01.11"]
[Round "2.14"]
[White "Azarov, Sergei"]
[Black "Garber, Vjatseslav"]
[Result "1-0"]
[WhiteElo "2616"]
[BlackElo "2147"]
[PlyCount "100"]
[EventDate "2014.01.13"]
[SourceDate "2014.01.13"]

1. e4 c5 2. Nf3 g6 3. d4 Bg7 4. dxc5 Qa5+ 5. Nc3 Qxc5 6. Bd3 d6 7. O-O Nc6 8.
Nd5 Qa5 9. h3 Nf6 10. Bd2 Qd8 11. c4 e6 12. Nxf6+ Bxf6 13. Qc2 O-O 14. Rad1 Qc7
15. Qc1 b6 16. Bg5 Bg7 17. Bh6 Ne5 18. Nd4 Ba6 19. Bxg7 Kxg7 20. b3 Rac8 21.
Qc3 Qc5 22. Qb2 Kg8 23. Bb1 Rfd8 24. Rfe1 Bb7 25. Rd2 a6 26. a4 Nd7 27. Nf3 Ne5
28. Nd4 Nd7 29. Nf3 Ne5 30. Nxe5 dxe5 31. Red1 Rxd2 32. Qxd2 Kg7 33. h4 h6 34.
Kh2 b5 35. cxb5 axb5 36. b4 Qc6 37. a5 Qc3 38. Qxc3 Rxc3 39. Rd7 Ba8 40. Ra7
Rc8 41. Bd3 Bc6 42. Ra6 f5 43. f3 Kf6 44. Rb6 fxe4 45. Bxe4 Bxe4 46. fxe4 Rc4
47. Rxb5 Rc1 48. a6 Ke7 49. a7 Rc8 50. Rb7+ Kd6 1-0

[Event "Paul Keres Memorial Festival 2014"]
[Site "?"]
[Date "2014.01.11"]
[Round "2.15"]
[White "Iordachescu, Viorel"]
[Black "Sirosh, Ilja"]
[Result "1-0"]
[WhiteElo "2611"]
[BlackElo "2105"]
[PlyCount "99"]
[EventDate "2014.01.13"]
[SourceDate "2014.01.13"]

1. c4 c6 2. Nf3 d5 3. e3 Nf6 4. Nc3 a6 5. b3 Bf5 6. Be2 e6 7. Nh4 Bg6 8. Bb2
Bd6 9. d4 Nbd7 10. g3 Qe7 11. Nxg6 hxg6 12. c5 Bc7 13. f4 O-O 14. O-O b6 15. b4
a5 16. a3 Rfb8 17. Qd2 axb4 18. axb4 b5 19. Bf3 Rd8 20. Qg2 Nh7 21. e4 Ndf6 22.
e5 Nd7 23. Rae1 Nb8 24. Qd2 Na6 25. Ne2 Ra7 26. Bc3 Rda8 27. Nc1 Nb8 28. Bd1
Bd8 29. Bc2 Nf8 30. Bb2 Nh7 31. Re2 Nd7 32. Nd3 Ndf8 33. Qd1 Ra2 34. Bb1 R2a4
35. Rg2 f5 36. exf6 gxf6 37. g4 R4a7 38. h4 Kh8 39. g5 f5 40. h5 Qe8 41. Rh2
gxh5 42. Kf2 Kg8 43. Rfh1 Ng6 44. Rxh5 Nhf8 45. Ne5 Nxe5 46. Rh8+ Kg7 47. dxe5
Be7 48. Qb3 Qg6 49. R1h6 Qf7 50. Qh3 1-0

[Event "Paul Keres Memorial Festival 2014"]
[Site "?"]
[Date "2014.01.11"]
[Round "2.16"]
[White "Yemelin, Vasily"]
[Black "Petrov, Dmitri"]
[Result "1-0"]
[WhiteElo "2558"]
[BlackElo "1980"]
[PlyCount "99"]
[EventDate "2014.01.13"]
[SourceDate "2014.01.13"]

1. d4 Nf6 2. Bg5 Ne4 3. Bf4 c5 4. f3 Qa5+ 5. c3 Nf6 6. d5 d6 7. e4 Nbd7 8. Na3
g6 9. Nc4 Qc7 10. a4 Bg7 11. Qd2 O-O 12. h4 Nh5 13. Bh2 f5 14. e5 g5 15. Nh3
Nxe5 16. Nxe5 dxe5 17. Bc4 Qd6 18. Qe2 Qf6 19. O-O-O Kh8 20. Kb1 Bd7 21. Rde1
f4 22. Nxg5 h6 23. Ne6 Bxe6 24. dxe6 Qxh4 25. Bxf4 Nxf4 26. Rxh4 Nxe2 27. Rxe2
Rad8 28. Kc2 Rd6 29. Rd2 Rxd2+ 30. Kxd2 Rf4 31. Rxf4 exf4 32. Kd3 Be5 33. Bd5
Kg7 34. Bxb7 Kf6 35. Kc4 Bd6 36. Kb5 Kxe6 37. Ka6 Bb8 38. Bc8+ Kd6 39. Kb7 Bc7
40. Kxa7 c4 41. Kb7 Bd8 42. Ka6 Kc5 43. Be6 h5 44. Kb7 Ba5 45. Kc8 Bb6 46. Kd7
Ba5 47. Kxe7 Bc7 48. Kf6 Bd8+ 49. Kf5 Bc7 50. Kg5 1-0

[Event "Paul Keres Memorial Festival 2014"]
[Site "Tallinn"]
[Date "2014.01.11"]
[Round "3.1"]
[White "Danin, Alexandre"]
[Black "Gorbatov, Alexej"]
[Result "1-0"]
[WhiteElo "2602"]
[BlackElo "2359"]
[PlyCount "125"]
[EventDate "2014.??.??"]

1. e4 e5 2. Nf3 Nc6 3. d4 exd4 4. Nxd4 Nf6 5. Nxc6 bxc6 6. e5 Qe7 7. Qe2 Nd5 8.
Nd2 Nb4 9. Nf3 Ba6 10. Qd2 Bxf1 11. Kxf1 Qe6 12. b3 Qg6 13. a3 Nd5 14. h4 a5
15. h5 Qe6 16. Bb2 Bc5 17. Rh4 h6 18. Re1 O-O 19. c4 Nb6 20. Qd3 Rfe8 21. Bc3
a4 22. b4 Be7 23. Rhe4 c5 24. b5 Bf8 25. Nd2 c6 26. bxc6 Qxc6 27. Qg3 Qe6 28.
R1e3 Qf5 29. Qh2 d5 30. exd6 Rxe4 31. Rxe4 Rd8 32. Qe5 Qxe5 33. Rxe5 Bxd6 34.
Re4 Kf8 35. Ke2 Rd7 36. g4 Nc8 37. Nf1 Be7 38. Re3 Bg5 39. Re5 Rc7 40. Ba5 Rc6
41. Rd5 Nd6 42. Kd3 Bc1 43. Bc7 Ne8 44. Be5 f6 45. Ba1 Bxa3 46. Ne3 Nd6 47. Kc2
Bb4 48. f4 Ke7 49. g5 hxg5 50. fxg5 Ke6 51. h6 gxh6 52. gxh6 Rc8 53. Rxd6+ Kxd6
54. Bxf6 Ke6 55. Nd5 Rg8 56. h7 Rg2+ 57. Kd3 Rg3+ 58. Ke4 Rh3 59. h8=Q Rxh8 60.
Bxh8 a3 61. Kd3 Kf5 62. Nxb4 cxb4 63. Kc2 1-0

[Event "Paul Keres Memorial Festival 2014"]
[Site "Tallinn"]
[Date "2014.01.11"]
[Round "3.2"]
[White "Beinoras, Mindaugas"]
[Black "Malakhatko, Vadim"]
[Result "1/2-1/2"]
[WhiteElo "2404"]
[BlackElo "2549"]
[PlyCount "107"]
[EventDate "2014.??.??"]

1. d4 e6 2. c4 Bb4+ 3. Bd2 a5 4. a3 Bxd2+ 5. Qxd2 Nf6 6. Nc3 d6 7. e4 Nbd7 8.
Nf3 e5 9. dxe5 Nxe5 10. Nd4 a4 11. Be2 O-O 12. O-O Nfd7 13. f4 Nc6 14. Rad1 Nc5
15. e5 Na5 16. Qc2 Bd7 17. exd6 cxd6 18. Ndb5 Nab3 19. Rxd6 Ra6 20. Rdd1 Qb8
21. g3 Re8 22. Bf3 h6 23. Rfe1 Rxe1+ 24. Rxe1 Qd8 25. Qd1 Qb8 26. Re5 Re6 27.
Rd5 Qe8 28. Kf2 Re3 29. Nc7 Qe7 30. Rxd7 Rxf3+ 31. Qxf3 Qxd7 32. N7d5 Kf8 33.
Ne4 Qf5 34. Nxc5 Nxc5 35. Qe2 Qe6 36. Qe3 Qd6 37. Kf3 f6 38. Qd4 Kf7 39. Ke3
Qe6+ 40. Kf3 Qd6 41. Qe3 h5 42. Kg2 b5 43. Qe2 bxc4 44. Qxc4 Kg6 45. Qc2+ Kf7
46. Qc4 Kg6 47. Ne3 Qd2+ 48. Kf3 Nd3 49. Qe4+ Kf7 50. Qd5+ Kf8 51. Qd8+ Kf7 52.
Qd5+ Kf8 53. Qd8+ Kf7 54. Qd5+ 1/2-1/2

[Event "Paul Keres Memorial Festival 2014"]
[Site "Tallinn"]
[Date "2014.01.11"]
[Round "3.3"]
[White "Gleizerov, Evgeny"]
[Black "Vovk, Ilja"]
[Result "1/2-1/2"]
[WhiteElo "2534"]
[BlackElo "2299"]
[PlyCount "70"]
[EventDate "2014.??.??"]

1. d4 Nf6 2. c4 Nc6 3. Nf3 e6 4. g3 Bb4+ 5. Bd2 Qe7 6. Nc3 Bxc3 7. Bxc3 Ne4 8.
Rc1 Nxc3 9. Rxc3 d6 10. d5 Ne5 11. Nxe5 dxe5 12. Bg2 O-O 13. O-O Bd7 14. Qd2
Rfd8 15. Qe3 exd5 16. cxd5 Qd6 17. Rfc1 Rdc8 18. Rc4 h6 19. Qc3 Bf5 20. h4 e4
21. Qd4 c6 22. dxc6 Rxc6 23. Qxd6 Rxd6 24. Bxe4 Bxe4 25. Rxe4 Rd2 26. Rb4 b6
27. e3 Rad8 28. Rc7 R8d6 29. Rd4 R6xd4 30. exd4 a5 31. b3 Rxa2 32. Rb7 Rd2 33.
Rxb6 Rxd4 34. Rb5 a4 35. bxa4 Rxa4 1/2-1/2

[Event "Paul Keres Memorial Festival 2014"]
[Site "Tallinn"]
[Date "2014.01.11"]
[Round "3.4"]
[White "Agopov, Mikael"]
[Black "Tokranovs, Dmitrijs"]
[Result "1-0"]
[WhiteElo "2413"]
[BlackElo "2238"]
[PlyCount "104"]
[EventDate "2014.??.??"]

1. e4 d5 2. exd5 Qxd5 3. Nc3 Qd6 4. d4 Nf6 5. Nf3 Bg4 6. h3 Bh5 7. Be3 e6 8. g4
Bg6 9. Ne5 Nc6 10. Qf3 O-O-O 11. Nxc6 Qxc6 12. Qxc6 bxc6 13. O-O-O Nd5 14. Bg2
Nxc3 15. bxc3 Ba3+ 16. Kd2 c5 17. f4 Bb2 18. d5 Ba3 19. Rb1 c4 20. Bxa7 f6 21.
Rb8+ Kd7 22. Rhb1 Rxb8 23. Rxb8 Rxb8 24. Bxb8 Bc5 25. dxe6+ Kc8 26. Bc6 f5 27.
e7 fxg4 28. hxg4 h5 29. g5 Kxb8 30. e8=Q+ Bxe8 31. Bxe8 h4 32. Bd7 Kb7 33. Ke2
Kb6 34. Kf3 c6 35. Bh3 Kb5 36. Kg4 Ka4 37. Kxh4 Ka3 38. f5 Kxa2 39. f6 gxf6 40.
gxf6 Kb2 41. Bf5 Kxc3 42. Kg5 Kd4 43. Kg6 Ke5 44. Bh3 Bf8 45. Bg4 c3 46. Bh3 c5
47. Bg4 Kf4 48. Bc8 Ke5 49. Bh3 Kd6 50. Kh7 c4 51. Bg4 Ke5 52. Kg8 Kd5 1-0

[Event "Paul Keres Memorial Festival 2014"]
[Site "Tallinn"]
[Date "2014.01.11"]
[Round "3.5"]
[White "Shalamberidze, Akaki"]
[Black "Kantans, Toms"]
[Result "0-1"]
[WhiteElo "2372"]
[BlackElo "2412"]
[PlyCount "60"]
[EventDate "2014.??.??"]

1. Nf3 Nf6 2. g3 g6 3. Bg2 Bg7 4. d3 d5 5. O-O O-O 6. Nbd2 c5 7. e4 Nc6 8. c3
b6 9. Re1 e6 10. Nf1 h6 11. e5 Nd7 12. d4 cxd4 13. cxd4 f6 14. Qc2 Ne7 15. exf6
Nxf6 16. Ne5 g5 17. Ne3 Bd7 18. Bd2 Rc8 19. Qd3 Nc6 20. Bc3 Ne4 21. Nxd7 Nxf2
22. Qg6 Qxd7 23. Re2 Rf6 24. Qh5 Rcf8 25. Rf1 Ne4 26. Bxe4 Rxf1+ 27. Nxf1 dxe4
28. Rxe4 Nxd4 29. Ne3 Nf3+ 30. Kh1 Qd3 0-1

[Event "Paul Keres Memorial Festival 2014"]
[Site "?"]
[Date "2014.01.11"]
[Round "3.6"]
[White "Dubrovin, Robert"]
[Black "Iordachescu, Viorel"]
[Result "0-1"]
[WhiteElo "2216"]
[BlackElo "2611"]
[PlyCount "84"]
[EventDate "2014.01.13"]
[SourceDate "2014.01.13"]

1. d4 Nf6 2. c4 e6 3. Nf3 Bb4+ 4. Bd2 a5 5. g3 d6 6. Bg2 Nbd7 7. O-O e5 8. Bg5
exd4 9. Nxd4 h6 10. Bf4 O-O 11. Qc2 Bc5 12. Rd1 Ng4 13. Bf3 Nde5 14. Bxe5 Nxe5
15. Bg2 c6 16. h3 h5 17. Nf3 Nxf3+ 18. exf3 h4 19. Kh2 Qf6 20. Nc3 Bf5 21. Qd2
g5 22. Re1 Rfe8 23. Rad1 Bg6 24. Rxe8+ Rxe8 25. a3 Re6 26. Na4 Ba7 27. b4 axb4
28. axb4 Qe5 29. b5 cxb5 30. cxb5 Qxb5 31. Nc3 Qc5 32. Nd5 Qxf2 33. Qxg5 hxg3+
34. Qxg3 Qxg3+ 35. Kxg3 Bc2 36. Rd2 Bb3 37. f4 b5 38. f5 Re5 39. Kf4 Bc5 40.
Be4 Ba3 41. Rd4 Kf8 42. Bf3 Bb2 0-1

[Event "Paul Keres Memorial Festival 2014"]
[Site "?"]
[Date "2014.01.11"]
[Round "3.7"]
[White "Meijers, Viesturs"]
[Black "Azarov, Sergei"]
[Result "1/2-1/2"]
[WhiteElo "2464"]
[BlackElo "2616"]
[PlyCount "74"]
[EventDate "2014.01.13"]
[SourceDate "2014.01.13"]

1. e4 e5 2. Nf3 Nc6 3. Bb5 f5 4. d3 fxe4 5. dxe4 Nf6 6. Be3 d6 7. Nc3 Be7 8.
Qe2 a6 9. Bxc6+ bxc6 10. Qc4 Bd7 11. Ng5 Rf8 12. Ne6 Bxe6 13. Qxe6 Qd7 14.
Qxd7+ Kxd7 15. f3 d5 16. O-O-O d4 17. Na4 Ke6 18. Bd2 Nd7 19. Ba5 Bd6 20. c3 c5
21. b3 g5 22. h3 h5 23. Nb2 g4 24. hxg4 hxg4 25. Rdf1 Rh8 26. Nd3 gxf3 27. gxf3
Rag8 28. Rxh8 Rxh8 29. c4 Nb8 30. Bd2 Nc6 31. a3 a5 32. Kc2 Rh2 33. Rf2 Rh1 34.
Kb2 Rh3 35. Kc2 Rh1 36. Kb2 Rh3 37. Kc2 Rh1 1/2-1/2

[Event "Paul Keres Memorial Festival 2014"]
[Site "?"]
[Date "2014.01.11"]
[Round "3.8"]
[White "Smirnov, Artem"]
[Black "Yemelin, Vasily"]
[Result "1/2-1/2"]
[WhiteElo "2418"]
[BlackElo "2558"]
[PlyCount "68"]
[EventDate "2014.01.13"]
[SourceDate "2014.01.13"]

1. d4 Nf6 2. c4 e6 3. Nc3 Bb4 4. e3 O-O 5. Nge2 d5 6. a3 Bd6 7. Ng3 c6 8. Bd2
e5 9. dxe5 Bxe5 10. Qc2 Bg4 11. Bd3 Nbd7 12. f3 Be6 13. cxd5 cxd5 14. f4 d4 15.
fxe5 dxc3 16. Bxc3 Ng4 17. Bxh7+ Kh8 18. Be4 Qg5 19. Qe2 Ndxe5 20. h4 Qh6 21.
Bxe5 Nxe5 22. Qh5 f5 23. Bxb7 Rab8 24. Ba6 Rxb2 25. O-O Ng4 26. Qxh6+ gxh6 27.
Rab1 Ra2 28. Rfe1 Rg8 29. Bb7 Nf6 30. Ne2 Bd5 31. Nf4 Bxb7 32. Rxb7 Nd5 33. Re2
Rxe2 34. Nxe2 Nxe3 1/2-1/2

[Event "Paul Keres Memorial Festival 2014"]
[Site "?"]
[Date "2014.01.11"]
[Round "3.9"]
[White "Koykka, Pekka"]
[Black "Kveinys, Aloyzas"]
[Result "1/2-1/2"]
[WhiteElo "2294"]
[BlackElo "2540"]
[PlyCount "145"]
[EventDate "2014.01.13"]
[SourceDate "2014.01.13"]

1. d4 Nf6 2. Nf3 e6 3. c4 d5 4. Nc3 c5 5. cxd5 Nxd5 6. e4 Nxc3 7. bxc3 cxd4 8.
cxd4 Bb4+ 9. Bd2 Bxd2+ 10. Qxd2 O-O 11. Be2 b6 12. O-O Bb7 13. Qf4 Qf6 14. Qe3
Nc6 15. Rad1 Rfd8 16. Rd2 Rac8 17. a3 Qh6 18. Qxh6 gxh6 19. d5 exd5 20. exd5
Na5 21. Rfd1 Nb3 22. Rb2 Bxd5 23. h3 Nc1 24. Nd4 Nxe2+ 25. Rxe2 Bc4 26. Re4 Be6
27. Rde1 Bd7 28. R1e3 Rc5 29. Rf4 Re8 30. Rxe8+ Bxe8 31. Nf5 Kf8 32. Nd6 Rd5
33. Nxe8 Kxe8 34. Kf1 Ke7 35. Ke2 Ke6 36. Rh4 h5 37. Rc4 Ra5 38. a4 Rc5 39. Rb4
Rc2+ 40. Ke3 Ra2 41. Rf4 Ra3+ 42. Kd2 f5 43. Kc2 Ra2+ 44. Kb3 Re2 45. g3 Re4
46. Rf3 h4 47. Rc3 hxg3 48. fxg3 Kd5 49. Rc7 Re3+ 50. Kb4 Rxg3 51. Rxa7 Rxh3
52. Rd7+ Kc6 53. Rf7 Rh4+ 54. Kb3 f4 55. Kc4 f3+ 56. Kd3 Rh3 57. Kc4 Kd6 58.
Kb5 Ke5 59. Kxb6 Rh6+ 60. Kb5 Rf6 61. Rc7 Kf4 62. Rxh7 f2 63. Rh1 Ke3 64. a5
f1=Q+ 65. Rxf1 Rxf1 66. a6 Ra1 67. Kb6 Kd4 68. a7 Kd5 69. Kb7 Rb1+ 70. Kc7 Ra1
71. Kb7 Rb1+ 72. Kc7 Ra1 73. Kb7 1/2-1/2

[Event "Paul Keres Memorial Festival 2014"]
[Site "?"]
[Date "2014.01.11"]
[Round "3.10"]
[White "Krupenski, Juri"]
[Black "Chatalbashev, Boris"]
[Result "0-1"]
[WhiteElo "2300"]
[BlackElo "2533"]
[PlyCount "50"]
[EventDate "2014.01.13"]
[SourceDate "2014.01.13"]

1. e4 c5 2. Nf3 Nc6 3. Bb5 g6 4. O-O Bg7 5. Nc3 e5 6. Bxc6 bxc6 7. d3 d6 8. Be3
Nf6 9. h3 O-O 10. Qd2 Nh5 11. Ne2 f5 12. Bg5 Qe8 13. Ng3 Nxg3 14. fxg3 f4 15.
gxf4 h6 16. Bh4 exf4 17. e5 dxe5 18. Rae1 Rf5 19. Re4 Be6 20. c4 Rh5 21. Bf2
Bf5 22. Bxc5 Rd8 23. Qc3 Qd7 24. Nxe5 Bxe4 25. Nxd7 Bxc3 0-1

[Event "Paul Keres Memorial Festival 2014"]
[Site "?"]
[Date "2014.01.11"]
[Round "3.11"]
[White "Miezis, Normunds"]
[Black "Teemae, Leo"]
[Result "1-0"]
[WhiteElo "2555"]
[BlackElo "2040"]
[PlyCount "65"]
[EventDate "2014.01.13"]
[SourceDate "2014.01.13"]

1. c4 e5 2. Nc3 Nc6 3. g3 f5 4. Bg2 Nf6 5. a3 a5 6. e3 Bc5 7. Nge2 d6 8. d4 Bb6
9. O-O O-O 10. Rb1 Ne7 11. c5 Ba7 12. b4 c6 13. cxd6 Qxd6 14. dxe5 Qxe5 15. b5
Be6 16. bxc6 bxc6 17. Rb7 Bc8 18. Rb1 Ba6 19. Bb2 Qe6 20. Re1 Qf7 21. Nd4 Ne4
22. Qc2 Bxd4 23. exd4 Nd6 24. Bc1 Rab8 25. Rxb8 Rxb8 26. Bf4 Rd8 27. Qa4 Nc4
28. Bg5 Rd7 29. d5 h6 30. dxc6 Nxc6 31. Bxc6 Rd3 32. Be8 Qa7 33. Bg6 1-0

[Event "Paul Keres Memorial Festival 2014"]
[Site "?"]
[Date "2014.01.11"]
[Round "3.12"]
[White "Lintchevski, Daniil"]
[Black "Taylor, Robert Graham"]
[Result "1-0"]
[WhiteElo "2541"]
[BlackElo "1959"]
[PlyCount "99"]
[EventDate "2014.01.13"]
[SourceDate "2014.01.13"]

1. e4 d6 2. d4 Nf6 3. Bd3 g6 4. Nf3 Bg7 5. O-O O-O 6. c3 Bg4 7. Nbd2 e5 8. h3
Bxf3 9. Nxf3 Nbd7 10. Re1 c6 11. Qc2 Qc7 12. Bd2 c5 13. d5 h6 14. c4 Kh7 15.
Nh2 Ng8 16. Nf1 Qd8 17. g3 Qe7 18. Rab1 Rfc8 19. Ne3 a6 20. Bc3 Rab8 21. Qe2
Ngf6 22. a4 Qd8 23. a5 Ng8 24. Kg2 Ngf6 25. Qf3 Qe7 26. Kh2 Ng8 27. h4 Qf6 28.
Qxf6 Ngxf6 29. f3 Bf8 30. Bf1 Rc7 31. Bh3 Be7 32. Ra1 Nh5 33. Rf1 Nhf6 34. Ng2
Kg8 35. Rfe1 Kg7 36. Re2 Bf8 37. Ne3 Re8 38. Rb1 Rd8 39. Kg2 Be7 40. Rc2 Bf8
41. Nd1 Be7 42. Nf2 Bf8 43. Nd3 Be7 44. Ra1 Kg8 45. Re1 Kh7 46. f4 exf4 47.
gxf4 Nh5 48. e5 dxe5 49. fxe5 Nf4+ 50. Nxf4 1-0

[Event "Paul Keres Memorial Festival 2014"]
[Site "?"]
[Date "2014.01.11"]
[Round "3.13"]
[White "Hasangatin, Ramil"]
[Black "Haavamae, Henrik"]
[Result "1-0"]
[WhiteElo "2501"]
[BlackElo "2017"]
[PlyCount "53"]
[EventDate "2014.01.13"]
[SourceDate "2014.01.13"]

1. e4 c5 2. Nf3 e6 3. g3 Nc6 4. Bg2 Nf6 5. d3 Be7 6. O-O O-O 7. Re1 d6 8. c3
Bd7 9. Nbd2 Rc8 10. a3 b5 11. b4 Qb6 12. bxc5 dxc5 13. e5 Nd5 14. c4 Nc7 15.
Ne4 Rfd8 16. Rb1 a6 17. Qe2 h6 18. h4 Be8 19. Bf4 b4 20. axb4 Nxb4 21. Red1 Ba4
22. Rd2 a5 23. Nh2 Nca6 24. Ng4 Qc7 25. Nxh6+ gxh6 26. Nf6+ Kh8 27. Qh5 1-0

[Event "Paul Keres Memorial Festival 2014"]
[Site "?"]
[Date "2014.01.11"]
[Round "3.14"]
[White "Dragun, Valentin"]
[Black "Okhotnik, Vladimir"]
[Result "0-1"]
[WhiteElo "2002"]
[BlackElo "2387"]
[PlyCount "120"]
[EventDate "2014.01.13"]
[SourceDate "2014.01.13"]

1. e4 g6 2. d4 c6 3. Nc3 Bg7 4. Nf3 d5 5. exd5 cxd5 6. Bb5+ Kf8 7. O-O a6 8.
Be2 Nc6 9. Bf4 Bh6 10. Qd2 Kg7 11. Ne5 Bxf4 12. Qxf4 f6 13. Nd3 g5 14. Qe3 Nh6
15. f4 Nf5 16. Qf2 h6 17. Bf3 Qb6 18. Nxd5 Qxd4 19. Qxd4 Nfxd4 20. c3 Nxf3+ 21.
Rxf3 b5 22. Re1 Ra7 23. Nc5 Rd8 24. Nb6 Kf7 25. g3 Bh3 26. Rfe3 e5 27. a4 bxa4
28. Nc4 Rd5 29. Nxa4 Re7 30. Nab6 Rd8 31. fxe5 Nxe5 32. Nxe5+ Rxe5 33. Rxe5
fxe5 34. Nc4 Kf6 35. Nxe5 Rd2 36. Nc4 Rg2+ 37. Kh1 Rc2 38. Kg1 Be6 39. Nd6 Bd5
40. c4 Bc6 41. b4 Rg2+ 42. Kf1 Rxh2 43. b5 axb5 44. cxb5 Bf3 45. Re8 Bd5 46. b6
Rb2 47. Rh8 Kg6 48. Rb8 Kh5 49. Nf5 Kg4 50. Rf8 Bg2+ 51. Kg1 h5 52. Rf6 Be4 53.
Nd6 Bd3 54. Rf2 Rxb6 55. Nf7 Bg6 56. Ne5+ Kxg3 57. Rf3+ Kh4 58. Kh2 g4 59. Rc3
Be4 60. Re3 g3+ 0-1

[Event "Paul Keres Memorial Festival 2014"]
[Site "?"]
[Date "2014.01.11"]
[Round "3.15"]
[White "Ladva, Ottomar"]
[Black "Abozenko, Georg"]
[Result "1-0"]
[WhiteElo "2337"]
[BlackElo "1931"]
[PlyCount "135"]
[EventDate "2014.01.13"]
[SourceDate "2014.01.13"]

1. d4 d5 2. c4 e6 3. Nc3 Nf6 4. cxd5 exd5 5. Bg5 Be7 6. e3 O-O 7. Bd3 c6 8.
Nge2 Re8 9. O-O h6 10. Bh4 Ne4 11. Bxe7 Nxc3 12. Bxd8 Nxd1 13. Rfxd1 Rxd8 14.
b4 b6 15. Rdc1 Ba6 16. Nf4 g5 17. Bxa6 Nxa6 18. Nd3 Rac8 19. a4 f6 20. g4 Kf7
21. Rc3 Ke6 22. a5 Nb8 23. axb6 axb6 24. Ra7 Rd7 25. Ra8 Rdc7 26. b5 Kd6 27.
bxc6 Nxc6 28. Ra6 Rb8 29. Rb3 Rcb7 30. Kg2 b5 31. Nb4 Rb6 32. Ra1 Nxb4 33. Rxb4
Rc8 34. Rab1 Rcb8 35. Kg3 R6b7 36. h4 Rb6 37. f3 Rc8 38. Rxb5 Rxb5 39. Rxb5
gxh4+ 40. Kf4 Rh8 41. e4 dxe4 42. fxe4 Ra8 43. Rh5 Ra4 44. Rxh6 Ke7 45. d5 Ra1
46. Rxh4 Rf1+ 47. Ke3 Re1+ 48. Kf3 Kd6 49. Rh5 Rf1+ 50. Ke3 Re1+ 51. Kd3 Rd1+
52. Ke2 Rg1 53. Rf5 Ke7 54. g5 fxg5 55. Ke3 Kd6 56. Rf6+ Ke7 57. Re6+ Kf7 58.
Kd4 g4 59. Ke5 Rf1 60. Ra6 g3 61. Ra7+ Kf8 62. Ra2 Rf7 63. Rg2 Rf3 64. Ke6 Rc3
65. d6 Ke8 66. Ra2 Kd8 67. Ra8+ Rc8 68. Ra3 1-0

[Event "Paul Keres Memorial Festival 2014"]
[Site "?"]
[Date "2014.01.11"]
[Round "3.16"]
[White "Ceponis, Tadas"]
[Black "Mertanen, Janne"]
[Result "1-0"]
[WhiteElo "1949"]
[BlackElo "2334"]
[PlyCount "63"]
[EventDate "2014.01.13"]
[SourceDate "2014.01.13"]

1. d4 Nf6 2. c4 e6 3. Nf3 c5 4. d5 d6 5. Nc3 exd5 6. cxd5 g6 7. Nd2 Nbd7 8. e4
a6 9. a4 Bg7 10. Be2 O-O 11. O-O Re8 12. f4 c4 13. Kh1 Nc5 14. Qc2 Bd7 15. Nxc4
Nfxe4 16. Nxe4 Nxe4 17. Bd3 Nf6 18. Nxd6 Bxa4 19. Rxa4 Qxd6 20. f5 Nxd5 21.
fxg6 hxg6 22. Qf2 Re7 23. Bg5 Rd7 24. Re4 Nf6 25. Rf4 Qxd3 26. Bxf6 Bxf6 27.
Rxf6 Rc8 28. Rf3 Rc2 29. Qg3 Qe4 30. Re3 Qd5 31. Re8+ Kg7 32. Qh3 1-0

[Event "Paul Keres Memorial Festival 2014"]
[Site "Tallinn"]
[Date "2014.01.12"]
[Round "4.1"]
[White "Kantans, Toms"]
[Black "Danin, Alexandre"]
[Result "1/2-1/2"]
[WhiteElo "2412"]
[BlackElo "2602"]
[PlyCount "44"]
[EventDate "2014.??.??"]

1. e4 e5 2. Nf3 Nc6 3. Nc3 g6 4. d4 exd4 5. Nxd4 Bg7 6. Be3 Nf6 7. Be2 O-O 8.
O-O Re8 9. Nxc6 bxc6 10. Bf3 Bb7 11. Re1 d6 12. Qd2 Nd7 13. Bg5 Bf6 14. h4 Nc5
15. Bg4 Bc8 16. b4 Ne6 17. Bxe6 Bxe6 18. f4 h6 19. Bxf6 Qxf6 20. h5 g5 21. Rf1
gxf4 22. Rxf4 Qg5 1/2-1/2

[Event "Paul Keres Memorial Festival 2014"]
[Site "Tallinn"]
[Date "2014.01.12"]
[Round "4.2"]
[White "Malakhatko, Vadim"]
[Black "Agopov, Mikael"]
[Result "1/2-1/2"]
[WhiteElo "2549"]
[BlackElo "2413"]
[PlyCount "80"]
[EventDate "2014.??.??"]

1. d4 Nf6 2. c4 e6 3. Nc3 Bb4 4. Qc2 O-O 5. a3 Bxc3+ 6. Qxc3 b6 7. Nf3 Bb7 8.
e3 d6 9. Be2 Nbd7 10. O-O c5 11. b3 Rc8 12. Bb2 Ne4 13. Qc2 f5 14. Rad1 Qe7 15.
Qb1 g5 16. Nd2 cxd4 17. Bxd4 e5 18. Ba1 g4 19. Nxe4 Bxe4 20. Bd3 Nc5 21. Bc2
Rf6 22. b4 Bxc2 23. Qxc2 Ne6 24. f4 gxf3 25. Rxf3 Qf7 26. c5 bxc5 27. Rxd6 Ng5
28. Rg3 Rxd6 29. Rxg5+ Rg6 30. Rxf5 Qd7 31. bxc5 Rxc5 32. Qxc5 Qxf5 33. Bxe5
Qb1+ 34. Kf2 Qa2+ 35. Ke1 Rxg2 36. Qc8+ Kf7 37. Qd7+ Kg6 38. Qd3+ Kf7 39. Qd7+
Kg6 40. Qd3+ Kf7 1/2-1/2

[Event "Paul Keres Memorial Festival 2014"]
[Site "Tallinn"]
[Date "2014.01.12"]
[Round "4.3"]
[White "Iordachescu, Viorel"]
[Black "Beinoras, Mindaugas"]
[Result "1/2-1/2"]
[WhiteElo "2611"]
[BlackElo "2404"]
[PlyCount "72"]
[EventDate "2014.??.??"]

1. c4 c6 2. Nf3 d5 3. e3 Nf6 4. Nc3 e6 5. b3 Nbd7 6. Bb2 Bd6 7. Be2 e5 8. cxd5
Nxd5 9. Ne4 Bc7 10. Ba3 N7f6 11. d3 Nxe4 12. dxe4 Nf6 13. Qxd8+ Bxd8 14. Nxe5
Ba5+ 15. b4 Bc7 16. Bb2 Nxe4 17. O-O O-O 18. Rfd1 Be6 19. f3 Nd6 20. Kf2 a5 21.
a3 Rfe8 22. Nd3 Bc4 23. e4 axb4 24. axb4 Rxa1 25. Rxa1 Bb6+ 26. Kf1 Ba6 27. Ne5
Bxe2+ 28. Kxe2 f5 29. Kd3 Rd8 30. Nc4 fxe4+ 31. fxe4 Nb5+ 32. Ke2 Bc7 33. g3
Nd4+ 34. Kf1 Nb5 35. Ke2 Nd4+ 36. Kf1 Nb5 1/2-1/2

[Event "Paul Keres Memorial Festival 2014"]
[Site "Tallinn"]
[Date "2014.01.12"]
[Round "4.4"]
[White "Chatalbashev, Boris"]
[Black "Gleizerov, Evgeny"]
[Result "1-0"]
[WhiteElo "2533"]
[BlackElo "2534"]
[PlyCount "37"]
[EventDate "2014.??.??"]

1. Nf3 e6 2. c4 f5 3. g3 Nf6 4. Bg2 Be7 5. O-O O-O 6. b3 b6 7. Ne5 d5 8. Qc2 c5
9. cxd5 exd5 10. d4 Ne4 11. Bb2 Bb7 12. dxc5 bxc5 13. Nc3 Nd7 14. Nxe4 fxe4 15.
Bxe4 Nf6 16. Bg2 Bd6 17. Nc4 Rf7 18. Bxf6 Qxf6 19. Na5 1-0